000 00667nam a2200181Ia 4500
008 090124s9999 xx 000 0 und d
082 _b19063
_a376
100 _aसहस्त्रबुध्दे अरविंद
245 _a धनयोग व धनदायी यंत्रे
250 _a1
260 _c1974
300 _a100
600 _aसहस्त्रबुध्दे अरविंद
630 _a धनयोग व धनदायी यंत्रे
700 _aसहस्त्रबुध्दे अरविंद
730 _a धनयोग व धनदायी यंत्रे
942 _cBOOK
999 _c133004
_d133004